Представление документа в формате RUSMARC

ПолеНазваниеЗначение
  Тип записи c
  Библиографический уровень m
001 Контрольный номер RU/УОНБ/EK_N/418901305
005 Дата корректировки 20251001110529.3
100 Данные общей обработки __
a Данные общей обработки 20130410d1978 u y0rusy0189||||ca
101 Язык документа 0_
a Язык текста rus
a Язык текста ukr
f Язык титульного листа ukr
f Язык титульного листа rus
102 Страна публикации __
a Страна публикации UA
105 Кодированные данные (монография) __
a Кодированные данные (монография) y###||||000|y
200 Заглавие и сведения об ответственности 1_
a Заглавие Ансамблi баянiстiв
b Общее обозначение материала [Ноты]
d Параллельное заглавие Ансамбли баянистов
210 Выходные данные 1_
a Место издания Київ
c Издательство Музична Украiна
d Дата издания 1978-
215 Физическое описание __
d Формат 28 см
300 Общие примечания __
a Общие примечания Текст на укр. и рус. яз.
686 Индексы других классификаций __
a Классификационный индекс 85.952.456я43
2 Код системы rubbk
801 Источник записи _0
a Страна RU
b Организация Ульяновская ОНБ
c Дата составления 20130410
g Правила каталогизации RCR
801 Источник записи _1
a Страна RU
b Организация Ульяновская ОНБ
c Дата составления 20130410
g Правила каталогизации RCR
901 Тип документа __
t Тип документа v
909 Создатель записи __
a Создатель записи Никитина Т. А.
938 Служебная информация __
a Имя БД noti
b Имя библиотеки УОНБ
c Имя АИБС МАРК-SQL
d Номер DOC_ID в БД 11194